000 01409nam0a22002411 4500
001 rc\3584790
005 20260407140008.0
035 _a(NLR Aleph) 007699006
090 _a6724728
_c6724728
100 _a20130115d1971 |||y0rusy50 ca
101 0 _arus
102 _aRU
105 _ay z |||||
200 1 _aТезисы докладов
_fМ-во черной металлургии СССР. ЦК профсоюза рабочих металлург. пром-сти. Центр. правл. науч.-техн. о-ва черной металлургии. Центр. науч.-исслед. ин-т информации и техн.-экон. исследований черной металлургии
210 _aМосква
_cБ. и.
_d1971
215 _a84 с.
_d21
333 _aДля служебного пользования. Экз. № 5
710 1 2 _a"Подготовка вторичных черных металлов к переплаву с целью дальнейшего повышения эффективности работы конверторных, мартеновских и электросталеплавильных печей", всесоюзное науч.-техн. совещание
_f1971
_eМосква
_3RU\NLR\AUTH\8810082718
_9667598
801 0 _aRU
_bNLR
_gpsbo
801 1 _aRU
_bELAR
_2rusmarc
852 _aNLR
_j71-50к/2988
942 _cBOOK
980 _aNB